[Event "FISU World University-ch 2020"]
[Site "Online"]
[Date "2020.10.26"]
[Round "6.18"]
[White "Stasiuk, Vitaly"]
[Black "Pulpan, Matej"]
[Result "1-0"]
[WhiteElo "1855"]
[BlackElo "2077"]
[Annotator "ChessBase"]
[PlyCount "103"]
[EventDate "2020.10.26"]
[SourceTitle "playchess.com"]
[Source "ChessBase"]
[SourceQuality "1"]

1. e4 e6 2. d3 d5 3. Nd2 Nf6 4. Ngf3 c5 5. Be2 Nc6 6. O-O Qc7 7. Re1 b6 8. b3 Bb7 9. exd5 Nxd5 10. Bb2 O-O-O 11. Bf1 Bd6 12. Nc4 Nf4 13. Nxd6+ Qxd6 14. Ne5 Nd4 15. Bxd4 cxd4 16. Qg4 g5 17. Nxf7 Qd5 18. Re5 Qc6 19. Nxd8 Rxd8 20. Rxg5 Rf8 21. f3 Nd5 22. Rg8 Rxg8 23. Qxg8+ Kd7 24. Qg7+ Kd6 25. Qxd4 Qxc2 26. Re1 Qc8 27. Qe5+ Ke7 28. Qg5+ Kd6 29. Rc1 Qf8 30. d4 Bc6 31. Qe5+ Kd7 32. Rxc6 Kxc6 33. Qxe6+ Qd6 34. Bb5+ Kc7 35. Qxd6+ Kxd6 36. Bc4 Nc3 37. a4 a6 38. Bxa6 Kd5 39. Kf2 Kxd4 40. Bc4 Nd1+ 41. Kg3 Ne3 42. f4 Ke4 43. h4 Nf5+ 44. Kg4 Ne3+ 45. Kg5 h6+ 46. Kxh6 Kxf4 47. Kg6 Nxg2 48. h5 Nh4+ 49. Kf6 Nf5 50. Be6 Nh6 51. Kg6 Ke5 52. Kxh6 1-0

[Event "FISU World University-ch 2020"]
[Site "Online"]
[Date "2020.10.26"]
[Round "6.19"]
[White "Isakzhanov, Kelsinbek"]
[Black "Smieszek, Wojciech"]
[Result "0-1"]
[WhiteElo "2070"]
[BlackElo "2107"]
[Annotator "TA"]
[PlyCount "116"]
[EventDate "2020.10.26"]
[SourceTitle "playchess.com"]
[Source "ChessBase"]
[SourceQuality "1"]

1. d4 Nf6 2. c4 c5 3. e3 g6 4. Nc3 Bg7 5. Nf3 O-O 6. Be2 cxd4 7. exd4 d5 8. cxd5 Nxd5 9. O-O Nc6 10. h3 Bf5 11. Bg5 h6 12. Be3 Nxe3 13. fxe3 Qa5 14. Qb3 Qb4 15. Bc4 Rad8 16. Rad1 Qxb3 17. Bxb3 Na5 18. e4 Bc8 19. d5 Nxb3 20. axb3 b6 21. Nd4 Bb7 22. Kh1 e6 23. Nc6 Bxc6 24. dxc6 Rxd1 25. Rxd1 Rc8 26. Nb5 Rxc6 27. Nxa7 Rc2 28. b4 Rxb2 29. Nc6 Bc3 30. Rd8+ Kg7 31. Rd7 Bxb4 32. Nd8 Rd2 33. Nxe6+ Kf6 34. Rxd2 Bxd2 35. Nd4 Be3 36. Nb5 Ke5 37. g3 Bc5 38. Kg2 Kxe4 39. Nc3+ Kd3 40. Nb5 Kc4 41. Nc7 b5 42. Kf3 b4 43. Ke2 Bd6 44. Na6 Bxg3 45. Kf3 Bd6 46. Nxb4 Bxb4 47. Kg4 Kd4 48. Kh4 Ke4 49. Kg4 f5+ 50. Kh4 g5+ 51. Kh5 f4 52. Kg4 f3 53. Kg3 Ke3 54. Kh2 f2 55. h4 g4 56. h5 Bd6+ 57. Kg2 Ke2 58. Kh1 f1=Q# 0-1

[Event "FISU World University-ch 2020"]
[Site "Online"]
[Date "2020.10.26"]
[Round "6.19"]
[White "Parol, Pola"]
[Black "Sharshembiev, Adil"]
[Result "1-0"]
[WhiteElo "2069"]
[BlackElo "1845"]
[Annotator "TA"]
[PlyCount "141"]
[EventDate "2020.10.26"]
[SourceTitle "playchess.com"]
[Source "ChessBase"]
[SourceQuality "1"]

1. e4 c5 2. Nf3 d6 3. d4 cxd4 4. Nxd4 Nf6 5. Nc3 a6 6. Nb3 e6 7. g4 b5 8. g5 Nfd7 9. Bg2 Bb7 10. Be3 Be7 11. Qd2 Ne5 12. h4 Nc4 13. Qc1 Qc7 14. Bd4 Rg8 15. Nd2 Nd7 16. Nxc4 Qxc4 17. Qd2 Rc8 18. b3 Qc7 19. Ne2 Nc5 20. Ng3 Rd8 21. O-O d5 22. e5 Nd7 23. Qe2 h6 24. f4 Bc5 25. c3 b4 26. Qe3 bxc3 27. Qxc3 Qb6 28. Bxc5 Nxc5 29. Qd4 Nd7 30. Qxb6 Nxb6 31. Rfc1 Rc8 32. Rxc8+ Bxc8 33. a4 Kd7 34. Nh5 hxg5 35. hxg5 Rh8 36. Bf3 g6 37. Nf6+ Ke7 38. Rc1 Na8 39. Kg2 Bb7 40. Rc5 Rc8 41. Rxc8 Bxc8 42. Kf2 Kd8 43. Ke2 Kc7 44. Kd3 Nb6 45. Ne8+ Kc6 46. Nd6 Kc5 47. Nxf7 Kb4 48. Bd1 Nd7 49. Nd6 Nc5+ 50. Ke2 Bd7 51. Bc2 Nxb3 52. Bxg6 Bxa4 53. Bd3 Nd4+ 54. Ke3 Nc2+ 55. Kd2 Nd4 56. g6 Nb3+ 57. Ke1 Nc5 58. Bb1 d4 59. g7 Kc3 60. Ne4+ Nxe4 61. Bxe4 d3 62. Bxd3 Kxd3 63. g8=Q Bb5 64. Qxe6 Bc4 65. Qh3+ Kd4 66. e6 Kc5 67. e7 Bb5 68. Qf5+ Kd6 69. Qxb5 axb5 70. e8=Q b4 71. Qf8+ 1-0

[Event "FISU World University-ch 2020"]
[Site "Online"]
[Date "2020.10.26"]
[Round "6.19"]
[White "Abylkasymov, Kairatbek"]
[Black "Krzysztynska, Anna"]
[Result "1-0"]
[WhiteElo "1827"]
[BlackElo "1888"]
[Annotator "NA"]
[PlyCount "69"]
[EventDate "2020.10.26"]
[SourceTitle "playchess.com"]
[Source "ChessBase"]
[SourceQuality "1"]

1. e4 e5 2. Nf3 Nc6 3. Bc4 Bc5 4. c3 Nf6 5. d4 exd4 6. cxd4 Bb4+ 7. Nc3 O-O 8. e5 Ne4 9. Qc2 d5 10. Bd3 f5 11. O-O Be6 12. a3 Be7 13. b4 a6 14. Ne2 g5 15. Nd2 g4 16. f3 Ng5 17. Bb2 Qd7 18. Nf4 Rf7 19. Rac1 Bd8 20. Qc3 Ne7 21. Qc2 c6 22. fxg4 fxg4 23. Nxe6 Qxe6 24. Rxf7 Qxf7 25. Rf1 Qg7 26. Nb3 Bb6 27. Bc1 Ne6 28. Be3 Ng6 29. Nc5 Bxc5 30. bxc5 Rf8 31. Bf5 Nd8 32. Qd2 Ne7 33. Bh6 Qf7 34. Bxf8 Kxf8 35. Bxg4 1-0

[Event "FISU World University-ch 2020"]
[Site "Online"]
[Date "2020.10.26"]
[Round "6.19"]
[White "Sulkowski, Andrzej"]
[Black "Usupbekova, Zarina"]
[Result "1-0"]
[WhiteElo "1783"]
[BlackElo "1573"]
[Annotator "NA RC"]
[PlyCount "89"]
[EventDate "2020.10.26"]
[SourceTitle "playchess.com"]
[Source "ChessBase"]
[SourceQuality "1"]

1. d4 Nf6 2. c4 g6 3. Nc3 Bg7 4. e4 d6 5. Be2 c6 6. Bg5 h6 7. Be3 Nbd7 8. Qd2 a6 9. f3 b5 10. Rc1 Qa5 11. a3 Nb6 12. cxb5 axb5 13. d5 Bd7 14. dxc6 Bxc6 15. Nd1 Qxd2+ 16. Kxd2 Nc4+ 17. Bxc4 bxc4 18. Rxc4 Kd7 19. Ne2 Bb5 20. Rb4 Rhb8 21. Nec3 Bc6 22. Rxb8 Rxb8 23. Kc2 Kc7 24. Nf2 Nd7 25. Rb1 Ne5 26. Bd4 g5 27. Nd3 e6 28. Nxe5 dxe5 29. Bc5 Bd7 30. b4 f5 31. Rd1 Ra8 32. b5 Rc8 33. a4 Be8 34. Kb3 Kb7 35. Be3 Bf8 36. a5 f4 37. a6+ Kb8 38. Bf2 h5 39. b6 Bc6 40. Na4 g4 41. Nc5 Bxc5 42. Bxc5 Bb5 43. Bd6+ Ka8 44. b7+ Ka7 45. bxc8=Q 1-0

[Event "FISU World University-ch 2020"]
[Site "Online"]
[Date "2020.10.26"]
[Round "6.19"]
[White "Sulkowski, Andrzej"]
[Black "Usupbekova, Zarina"]
[Result "*"]
[WhiteElo "1783"]
[BlackElo "1573"]
[Annotator "NA"]
[PlyCount "21"]
[EventDate "2020.10.26"]
[SourceTitle "playchess.com"]
[Source "ChessBase"]
[SourceQuality "1"]

1. d4 Nf6 2. c4 g6 3. Nc3 Bg7 4. e4 d6 5. Be2 c6 6. Bg5 h6 7. Be3 Nbd7 8. Qd2 a6 9. f3 b5 10. Rc1 Qa5 11. d5 *

[Event "FISU World University-ch 2020"]
[Site "Online"]
[Date "2020.10.26"]
[Round "6.20"]
[White "Toledo Sanz, Imanol"]
[Black "Ferreira, Hugo Miguel Da Costa"]
[Result "0-1"]
[WhiteElo "2177"]
[BlackElo "2081"]
[Annotator "TA"]
[PlyCount "202"]
[EventDate "2020.10.26"]
[SourceTitle "playchess.com"]
[Source "ChessBase"]
[SourceQuality "1"]

1. e4 d5 2. exd5 Qxd5 3. Nc3 Qd6 4. d4 Nf6 5. Nf3 c6 6. g3 Bg4 7. Bg2 Nbd7 8. O-O Nd5 9. Ne4 Qc7 10. c4 N5f6 11. Nc3 e6 12. Re1 Bd6 13. h3 Bxf3 14. Qxf3 O-O 15. c5 Be7 16. Bf4 Qd8 17. Rad1 a5 18. Bf1 a4 19. a3 Nd5 20. Nxd5 cxd5 21. Bd3 Bf6 22. Bc2 Qa5 23. Qd3 g6 24. h4 Rfc8 25. h5 b6 26. hxg6 hxg6 27. Rxe6 bxc5 28. Rd6 Qa7 29. Qb5 Rd8 30. Qc6 Rac8 31. Qxd5 Nb6 32. Rxd8+ Rxd8 33. Qa2 Bxd4 34. Bg5 Rd6 35. Re1 Qd7 36. Kg2 c4 37. Qb1 Re6 38. Rxe6 Qxe6 39. Qd1 Qd5+ 40. Kh2 Bxb2 41. Qxd5 Nxd5 42. Bxa4 Bxa3 43. Kg2 c3 44. Kf3 Nb4 45. Ke4 c2 46. Bxc2 Nxc2 47. Bf6 Bc5 48. f4 Ne3 49. Kf3 Nd5 50. Bb2 f5 51. g4 Kf7 52. gxf5 gxf5 53. Be5 Ke6 54. Bb8 Bd6 55. Ba7 Bxf4 56. Bd4 Be5 57. Bg1 f4 58. Bh2 Kf5 59. Bxf4 Bxf4 60. Ke2 Ke4 61. Kf2 Ne3 62. Ke2 Nf5 63. Kf2 Nh4 64. Ke2 Be3 65. Ke1 Ng2+ 66. Ke2 Nf4+ 67. Ke1 Kd3 68. Kf1 Bd4 69. Ke1 Ke3 70. Kf1 Bc3 71. Kg1 Kf3 72. Kf1 Nd5 73. Kg1 Ne3 74. Kh2 Be1 75. Kh3 Bf2 76. Kh2 Bg3+ 77. Kg1 Ng4 78. Kf1 Bh2 79. Ke1 Ke3 80. Kf1 Kf3 81. Ke1 Bf4 82. Kf1 Be3 83. Ke1 Nf2 84. Kf1 Ne4 85. Ke1 Ng3 86. Kd1 Ne2 87. Kc2 Ke4 88. Kb3 Kd5 89. Kb4 Bd4 90. Kb3 Bc3 91. Kc2 Kc4 92. Kd1 Nd4 93. Kc1 Kd3 94. Kd1 Nc2 95. Kc1 Ne3 96. Kb1 Kc4 97. Kc1 Kb3 98. Kb1 Bd2 99. Ka1 Nc4 100. Kb1 Na3+ 101. Ka1 Bc3# 0-1

[Event "FISU World University-ch 2020"]
[Site "Online"]
[Date "2020.10.26"]
[Round "6.20"]
[White "Monteiro, Paulo Alexandre G"]
[Black "Apellaniz Perez, Estibaliz"]
[Result "1-0"]
[WhiteElo "2049"]
[BlackElo "1363"]
[Annotator "ChessBase"]
[PlyCount "65"]
[EventDate "2020.10.26"]
[SourceTitle "playchess.com"]
[Source "ChessBase"]
[SourceQuality "1"]

1. d4 d5 2. c4 c6 3. Nf3 Nf6 4. Nc3 Bg4 5. Ne5 Be6 6. cxd5 cxd5 7. Bf4 g6 8. e3 Bg7 9. Bb5+ Nbd7 10. O-O O-O 11. Rc1 a6 12. Be2 b5 13. a4 Nh5 14. Bxh5 gxh5 15. axb5 Nf6 16. Nc6 Qd7 17. Na4 Qb7 18. b6 Rac8 19. Bc7 Rfe8 20. Na5 Qa8 21. b7 Qa7 22. bxc8=Q Rxc8 23. Bb6 Qb8 24. Rxc8+ Qxc8 25. Qc1 Qd7 26. Qc6 Ne4 27. Nc5 Qxc6 28. Nxc6 Nd2 29. Ra1 Nc4 30. Rxa6 Bf6 31. Nxe6 fxe6 32. Bd8 Kf7 33. Ra7 1-0

[Event "FISU World University-ch 2020"]
[Site "Online"]
[Date "2020.10.26"]
[Round "6.20"]
[White "De las Heras Figueroa, Rodrigo"]
[Black "Santos, Rita Alexandra L Sil"]
[Result "0-1"]
[WhiteElo "1999"]
[BlackElo "1606"]
[Annotator "ChessBase"]
[PlyCount "92"]
[EventDate "2020.10.26"]
[SourceTitle "playchess.com"]
[Source "ChessBase"]
[SourceQuality "1"]

1. d4 d5 2. c4 e5 3. dxe5 d4 4. Nf3 Nc6 5. a3 Bf5 6. e3 dxe3 7. Qxd8+ Rxd8 8. Bxe3 a5 9. Nc3 Nge7 10. Be2 g6 11. O-O Bg7 12. Rad1 O-O 13. Nb5 Nxe5 14. Nfd4 c6 15. Nc3 Bc8 16. h3 Nf5 17. Nxf5 Bxf5 18. Bb6 Rxd1 19. Rxd1 Bc2 20. Rd2 Bb3 21. c5 a4 22. f4 Nc4 23. Bxc4 Bxc4 24. Nxa4 Re8 25. Kf2 Kf8 26. Bc7 Re4 27. Nb6 Bd4+ 28. Kf3 Re3+ 29. Kg4 Be2+ 30. Rxe2 Rxe2 31. Bd6+ Kg7 32. Kf3 Rf2+ 33. Kg3 Rxb2 34. a4 Bc3 35. Kf3 f6 36. Be7 Rb3 37. Ke2 Kf7 38. Bd6 Ke6 39. Nc4 Bb4 40. Nb6 Rb2+ 41. Kf3 Rc2 42. f5+ gxf5 43. Na8 Bxc5 44. Bf4 Rf2+ 45. Kg3 Ra2 46. Nc7+ Kf7 0-1

[Event "FISU World University-ch 2020"]
[Site "Online"]
[Date "2020.10.26"]
[Round "6.20"]
[White "Fernandes, Tiago Saraiva"]
[Black "Morante Rafael, Aritz"]
[Result "1/2-1/2"]
[WhiteElo "1950"]
[BlackElo "2161"]
[Annotator "TA"]
[PlyCount "137"]
[EventDate "2020.10.26"]
[SourceTitle "playchess.com"]
[Source "ChessBase"]
[SourceQuality "1"]

1. e4 e6 2. d4 d5 3. Nd2 Be7 4. Bd3 Nf6 5. e5 Nfd7 6. c3 c5 7. Ne2 Nc6 8. O-O b6 9. Nf3 g5 10. Bb5 Bb7 11. Qa4 Rc8 12. Qc2 g4 13. Ne1 cxd4 14. Bxc6 Bxc6 15. Bh6 Nxe5 16. Bg7 Bf6 17. Bxh8 Bxh8 18. Qxh7 Qf6 19. Nxd4 Bb7 20. Nd3 Qg7 21. Qxg7 Bxg7 22. Nxe5 Bxe5 23. Rad1 Kd7 24. Rfe1 Bd6 25. g3 Ba6 26. f3 gxf3 27. Nxf3 Ke7 28. Nd4 Kd7 29. Kg2 Bc4 30. a3 a5 31. Rd2 Rg8 32. Rf2 Rg7 33. Rd2 Rg6 34. Rf2 Rg7 35. Rd2 Rg6 36. Rf2 Rg7 37. Rf6 Be7 38. Rf2 Bd3 39. Rd2 Bc4 40. b3 Ba6 41. b4 a4 42. Nf3 Bd6 43. Nd4 Bc4 44. Rf2 Bd3 45. Rd2 Bc4 46. Rf2 Bd3 47. Rd2 Bc4 48. Nf3 Ke7 49. Ne5 Bb5 50. Nf3 Bc4 51. Ne5 Bb5 52. Rf2 Ba6 53. Nc6+ Kd7 54. Ne5+ Ke7 55. Nc6+ Kd7 56. Nd4 Bc4 57. Re3 Ba6 58. Ref3 Ke7 59. Rf6 Bd3 60. Nc6+ Ke8 61. Rh6 Kd7 62. Nd4 Be4+ 63. Kf1 Be5 64. Ke2 Bd6 65. Rhf6 Ke7 66. Nc6+ Ke8 67. Nd4 Ke7 68. Nc6+ Ke8 69. Nd4 1/2-1/2

[Event "FISU World University-ch 2020"]
[Site "Online"]
[Date "2020.10.26"]
[Round "6.21"]
[White "Cadilhac, Igor Tokuichi Kikuch"]
[Black "Gomez Sanchez, Jorge Marcos"]
[Result "0-1"]
[WhiteElo "2323"]
[BlackElo "2352"]
[Annotator "ChessBase"]
[PlyCount "78"]
[EventDate "2020.10.26"]
[SourceTitle "playchess.com"]
[Source "ChessBase"]
[SourceQuality "1"]

1. e4 c5 2. Nf3 e6 3. Nc3 Nc6 4. d4 cxd4 5. Nxd4 Qc7 6. f4 a6 7. Nxc6 bxc6 8. Bd3 Bc5 9. Qg4 g6 10. e5 d5 11. Bd2 Rb8 12. Qe2 a5 13. Na4 Ba7 14. b3 Ne7 15. O-O-O c5 16. Bb5+ Kf8 17. c4 Nf5 18. Qe1 Nd4 19. Bxa5 Qb7 20. Rxd4 cxd4 21. Bb4+ Kg7 22. Bd6 dxc4 23. Bxb8 Bxb8 24. Bxc4 Qxg2 25. Kb1 Bb7 26. Rg1 Qxh2 27. Nc5 Bc6 28. Nd3 Rc8 29. Rf1 Bd5 30. Rf2 Qg3 31. Ba6 Rc6 32. Bb5 Rb6 33. Qa5 Bc7 34. Rd2 Qe3 35. Kc1 Rc6+ 36. Bxc6 Bxa5 37. b4 Bxc6 38. bxa5 Bb5 39. Nc5 Qa3+ 0-1

[Event "FISU World University-ch 2020"]
[Site "Online"]
[Date "2020.10.26"]
[Round "6.21"]
[White "Alboredo, Julia"]
[Black "Rodriguez Dominguez, Melissa"]
[Result "1-0"]
[WhiteElo "2182"]
[BlackElo "2103"]
[Annotator "TA"]
[PlyCount "79"]
[EventDate "2020.10.26"]
[SourceTitle "playchess.com"]
[Source "ChessBase"]
[SourceQuality "1"]

1. e4 c5 2. Nf3 e6 3. d4 cxd4 4. Nxd4 Nc6 5. Nc3 Qc7 6. Be3 a6 7. Be2 Nf6 8. O-O Bb4 9. Na4 O-O 10. Nxc6 bxc6 11. Qd4 Bd6 12. h3 Rb8 13. a3 Be5 14. Qd3 d5 15. exd5 cxd5 16. f4 Bd6 17. b4 Ne4 18. Bf3 f5 19. Bxe4 fxe4 20. Qd2 a5 21. Nc5 h6 22. Rad1 Bxc5 23. Bxc5 Rf7 24. f5 exf5 25. Qxd5 Bb7 26. Qb3 g6 27. Rd6 Kh7 28. Qe6 Rg7 29. Rfd1 Qf7 30. Qe5 Re8 31. Qd4 Bc8 32. bxa5 e3 33. Re1 f4 34. Rf6 Qa2 35. Qxf4 Qxc2 36. Bxe3 g5 37. Qd6 Bb7 38. Rxh6+ Kg8 39. Qd2 Qc4 40. Rd6 1-0

[Event "FISU World University-ch 2020"]
[Site "Online"]
[Date "2020.10.26"]
[Round "6.21"]
[White "Fernandez Bustamante, Leancy B."]
[Black "Librelato, Kathie Goulart"]
[Result "0-1"]
[WhiteElo "2080"]
[BlackElo "2165"]
[Annotator "NA"]
[PlyCount "62"]
[EventDate "2020.10.26"]
[SourceTitle "playchess.com"]
[Source "ChessBase"]
[SourceQuality "1"]

1. e4 e5 2. Nf3 Nc6 3. Nc3 Nf6 4. Bb5 Nd4 5. Bc4 Bc5 6. d3 c6 7. Nxd4 exd4 8. Ne2 O-O 9. Bg5 h6 10. Bh4 g5 11. Bg3 d5 12. exd5 Nxd5 13. Qd2 Re8 14. O-O-O Bb4 15. c3 dxc3 16. Nxc3 Qa5 17. Bxd5 cxd5 18. h4 d4 19. hxg5 dxc3 20. Qc2 Qxa2 21. bxc3 Ba3+ 22. Kd2 Re2+ 23. Kxe2 Qxc2+ 24. Kf3 Bf5 25. gxh6 Re8 26. h7+ Bxh7 27. Bf4 Bc5 28. Rd2 Qxc3 29. Rh3 Bd6 30. Bxd6 Qxd2 31. Rg3+ Bg6 0-1

[Event "FISU World University-ch 2020"]
[Site "Online"]
[Date "2020.10.26"]
[Round "6.22"]
[White "Donoso Diaz, Sebastian"]
[Black "Damaceno, Mateus Lima"]
[Result "1/2-1/2"]
[WhiteElo "2192"]
[BlackElo "2136"]
[Annotator "TA"]
[PlyCount "154"]
[EventDate "2020.10.26"]
[SourceTitle "playchess.com"]
[Source "ChessBase"]
[SourceQuality "1"]

1. Nf3 Nf6 2. c4 g6 3. Nc3 Bg7 4. e4 d6 5. d4 O-O 6. h3 e5 7. d5 a5 8. g4 Na6 9. Be3 Nd7 10. a3 Nb6 11. Nd2 Bd7 12. h4 Nc5 13. Bxc5 dxc5 14. g5 Nc8 15. Bh3 Nd6 16. Bxd7 Qxd7 17. h5 f6 18. gxf6 Rxf6 19. hxg6 hxg6 20. Qe2 Raf8 21. f3 Rf4 22. O-O-O Qe7 23. Qg2 Qf6 24. Rdg1 Kf7 25. Ne2 Re8 26. Rh3 Nc8 27. Nf1 Ne7 28. Ne3 Rh8 29. Ng4 Qa6 30. Rxh8 Qxc4+ 31. Kb1 Bxh8 32. Nxf4 exf4 33. Qc2 Qb5 34. Nf2 Bd4 35. Rh1 c4 36. Nh3 c3 37. Nxf4 cxb2 38. Ne6 Bf6 39. Nxc7 Qb6 40. a4 Qe3 41. Nb5 Qxf3 42. Rd1 g5 43. Nd4 Qa3 44. Qxb2 Qxa4 45. Qb3 Qxb3+ 46. Nxb3 a4 47. Nc5 b5 48. Rf1 Kg6 49. d6 Nc6 50. d7 Nd8 51. Nd3 g4 52. e5 Be7 53. Nf2 Kf5 54. Rg1 Bc5 55. Rf1 Kxe5 56. Nd3+ Kd6 57. Nxc5 g3 58. Rg1 Kxc5 59. Rxg3 Kc6 60. Rg8 Kxd7 61. Ka2 b4 62. Kb2 Nc6 63. Ra8 a3+ 64. Kb3 Kd6 65. Rh8 Kc5 66. Rh5+ Kb6 67. Rg5 Nd4+ 68. Ka2 Kc6 69. Rh5 Kd6 70. Rg5 Kc6 71. Rh5 Kb6 72. Rd5 Nc6 73. Kb3 Ka6 74. Rd7 Kb5 75. Rd5+ Ka6 76. Rd6 Kb5 77. Rd5+ Ka6 1/2-1/2

[Event "FISU World University-ch 2020"]
[Site "Online"]
[Date "2020.10.26"]
[Round "6.22"]
[White "Da Silva Araujo, Gabriel Victor"]
[Black "Bernal Navarrete, Marcelo"]
[Result "0-1"]
[WhiteElo "2011"]
[BlackElo "1851"]
[Annotator "TA"]
[PlyCount "86"]
[EventDate "2020.10.26"]
[SourceTitle "playchess.com"]
[Source "ChessBase"]
[SourceQuality "1"]

1. Nf3 Nf6 2. c4 g6 3. Nc3 Bg7 4. g3 O-O 5. Bg2 d6 6. d4 Nbd7 7. O-O e5 8. b3 Ne8 9. Bb2 f5 10. e4 f4 11. Ne2 Qe7 12. a4 Rf7 13. Qc2 g5 14. Ne1 exd4 15. Nxd4 Ne5 16. f3 Qf6 17. Rb1 a5 18. Nd3 Qd8 19. Ne2 Nxd3 20. Qxd3 c6 21. Rfd1 h6 22. Kh1 Qb6 23. Rd2 Qc5 24. Bxg7 Rxg7 25. gxf4 gxf4 26. Nxf4 Qe5 27. Qe3 b5 28. cxb5 cxb5 29. Rd5 Qe7 30. Rxb5 Nc7 31. Rb6 Be6 32. Rd1 Ne8 33. Rb5 Qf7 34. Qd2 Bxb3 35. Nd5 Bxd1 36. Qxd1 Kh8 37. Qe2 Qg6 38. Rb2 Nf6 39. Qc4 Rag8 40. Nf4 Qe8 41. Ne6 Re7 42. Nd4 Re5 43. Re2 Rc5 0-1

[Event "FISU World University-ch 2020"]
[Site "Online"]
[Date "2020.10.26"]
[Round "6.22"]
[White "Gallardo Valenzuela, Andres"]
[Black "Bail, Ellen Larissa"]
[Result "0-1"]
[WhiteElo "1694"]
[BlackElo "1848"]
[Annotator "NA RC"]
[PlyCount "128"]
[EventDate "2020.10.26"]
[SourceTitle "playchess.com"]
[Source "ChessBase"]
[SourceQuality "1"]

1. d4 d5 2. Nf3 Nf6 3. g3 e6 4. Bg2 Be7 5. O-O O-O 6. c4 a6 7. Qc2 dxc4 8. a4 c5 9. Qxc4 Nbd7 10. Bf4 b5 11. Qc2 Bb7 12. Nbd2 Rc8 13. axb5 axb5 14. Ra7 Qb6 15. Rfa1 cxd4 16. Qd3 Bc5 17. Nb3 Be4 18. Qd1 Rfd8 19. R7a6 Qb7 20. Nxc5 Nxc5 21. Ra7 Qd5 22. R1a5 Na4 23. Qd2 Rc2 24. Qb4 Rxb2 25. Qe7 Rb1+ 26. Bf1 Rd7 27. Ra8+ Qxa8 28. Rxa8+ Bxa8 29. Qa3 Rd8 30. Bc7 Rc8 31. Qe7 h6 32. Ne5 Rxc7 33. Qxc7 Be4 34. Qxf7+ Kh7 35. f3 Bf5 36. g4 Bc2 37. h4 Nc3 38. Kf2 Nd1+ 39. Kg3 Ne3 40. Kh3 Rxf1 41. g5 Rh1+ 42. Kg3 Rg1+ 43. Kh2 Rg2+ 44. Kh1 hxg5 45. h5 Rg3 46. Qf8 Rh3+ 47. Kg1 Rxh5 48. Nf7 Nc4 49. Qc5 Kg6 50. Nd8 g4 51. Qxd4 gxf3 52. exf3 Rd5 53. Qf4 Rxd8 54. Qc7 Rd5 55. Kf2 Bf5 56. Qg3+ Kf7 57. Qc7+ Rd7 58. Qc6 Nd6 59. Kg2 Ke7 60. Qc5 Nd5 61. Qd4 Kf7 62. Qh4 b4 63. Qh5+ Bg6 64. Qg5 b3 0-1

[Event "FISU World University-ch 2020"]
[Site "Online"]
[Date "2020.10.26"]
[Round "6.23"]
[White "Aravena Navarro, Alexis Andres"]
[Black "Serikbay, Chingiz"]
[Result "0-1"]
[WhiteElo "1937"]
[BlackElo "2338"]
[Annotator "TA"]
[PlyCount "124"]
[EventDate "2020.10.26"]
[SourceTitle "playchess.com"]
[Source "ChessBase"]
[SourceQuality "1"]

1. e4 c5 2. Nf3 g6 3. d4 Bg7 4. dxc5 Qa5+ 5. c3 Qxc5 6. Na3 Nf6 7. Be3 Qc6 8. Nb5 b6 9. Ne5 Qb7 10. Bc4 O-O 11. Qb3 d5 12. exd5 a6 13. Nd4 b5 14. Be2 Qxd5 15. Bf3 Qxe5 16. Bxa8 Ng4 17. Nf3 Qc7 18. O-O Nxe3 19. fxe3 Nd7 20. Nd4 Nc5 21. Qc2 e5 22. Nb3 Na4 23. Bf3 Nb6 24. Rfd1 Nc4 25. Qe2 Qb6 26. Kh1 Nxe3 27. Qf2 Bh6 28. Rd3 Bf5 29. Rad1 Bxd3 30. Rxd3 Rd8 31. Rxd8+ Qxd8 32. g4 Bf4 33. h4 Qd3 34. Nd2 Nxg4 35. Bxg4 Bxd2 36. Kg2 f5 37. Be2 Qd5+ 38. Bf3 e4 39. Be2 f4 40. Bg4 Be3 41. Qe1 f3+ 42. Kh3 Bf4 43. Qf2 h5 44. Bc8 Qc6 45. Bg4 hxg4+ 46. Kxg4 Qf6 47. Qc5 Qf5+ 48. Qxf5 gxf5+ 49. Kxf4 f2 50. Kxf5 f1=Q+ 51. Kxe4 Qb1+ 52. Kd4 Qxb2 53. h5 Qxa2 54. Kc5 Qc4+ 55. Kb6 Qxc3 56. h6 b4 57. h7+ Kxh7 58. Ka5 b3+ 59. Ka4 Qc4+ 60. Ka3 a5 61. Kb2 Qc2+ 62. Ka3 Qa2# 0-1

[Event "FISU World University-ch 2020"]
[Site "Online"]
[Date "2020.10.26"]
[Round "6.23"]
[White "Barmagambetova, Sakypzhamal"]
[Black "Ruiz Olate, Emily Andrea"]
[Result "1-0"]
[WhiteElo "1894"]
[BlackElo "1866"]
[Annotator "NA"]
[PlyCount "69"]
[EventDate "2020.10.26"]
[SourceTitle "playchess.com"]
[Source "ChessBase"]
[SourceQuality "1"]

1. d4 Nf6 2. Nf3 g6 3. c4 Bg7 4. Nc3 d6 5. g3 O-O 6. Bg2 Nc6 7. O-O a6 8. d5 Na5 9. Qd3 c5 10. dxc6 Nxc6 11. Nd5 Bf5 12. Nxf6+ Bxf6 13. e4 Bd7 14. Rb1 b5 15. cxb5 axb5 16. Bh6 Re8 17. a3 b4 18. axb4 Nxb4 19. Qc4 Nc6 20. b4 Ne5 21. Nxe5 Bxe5 22. f4 Qb6+ 23. Kh1 Bb5 24. Qb3 Bxf1 25. Rxf1 Bd4 26. f5 Ra1 27. Rxa1 Bxa1 28. Qa4 Rc8 29. Qxa1 f6 30. Qa2+ Kh8 31. Qf7 Rg8 32. fxg6 Rxg6 33. Qxe7 Qxb4 34. Qf8+ Rg8 35. Bg7# 1-0

[Event "FISU World University-ch 2020"]
[Site "Online"]
[Date "2020.10.26"]
[Round "6.23"]
[White "Gallardo Ramirez, Ricardo Manuel"]
[Black "Barmagambetov, Sagynysh"]
[Result "1-0"]
[WhiteElo "1681"]
[BlackElo "1776"]
[Annotator "NA"]
[PlyCount "71"]
[EventDate "2020.10.26"]
[SourceTitle "playchess.com"]
[Source "ChessBase"]
[SourceQuality "1"]

1. e4 e6 2. d4 d5 3. Nc3 Nf6 4. e5 Nfd7 5. f4 a6 6. Nf3 h6 7. Bd3 c5 8. f5 cxd4 9. fxe6 dxc3 10. exf7+ Kxf7 11. e6+ Kg8 12. exd7 Qe7+ 13. Be2 Bxd7 14. Qxd5+ Be6 15. Qe4 Nd7 16. O-O Nf6 17. Qe5 Ng4 18. Qe4 Nf6 19. Qe5 Ng4 20. Qe4 Re8 21. Nd4 Qd7 22. Nxe6 Rxe6 23. Bxg4 Bc5+ 24. Kh1 Rxe4 25. Bxd7 Bd4 26. bxc3 Bxc3 27. Rb1 b5 28. Bb2 Bxb2 29. Rxb2 g5 30. Bc8 Kg7 31. Bxa6 Rf8 32. Kg1 Rd8 33. Bxb5 Rd2 34. Bd3 Re3 35. Rb7+ Kg8 36. Bc4+ 1-0

[Event "FISU World University-ch 2020"]
[Site "Online"]
[Date "2020.10.26"]
[Round "6.24"]
[White "Solano Cuya, Bryan"]
[Black "Obeysekara, T A Sajith Chathuran"]
[Result "1-0"]
[WhiteElo "2242"]
[BlackElo "1684"]
[Annotator "ChessBase"]
[PlyCount "77"]
[EventDate "2020.10.26"]
[SourceTitle "playchess.com"]
[Source "ChessBase"]
[SourceQuality "1"]

1. d4 d6 2. Nf3 g6 3. c4 Bg7 4. Nc3 Nc6 5. d5 Nb8 6. e4 e5 7. Be2 Ne7 8. O-O h6 9. b4 O-O 10. c5 a5 11. Ba3 axb4 12. Bxb4 Na6 13. cxd6 Nxb4 14. dxe7 Qxe7 15. Qb3 Na6 16. Bxa6 Rxa6 17. Rac1 Bg4 18. Nd2 Rb6 19. Qc2 Qa3 20. Nc4 Qe7 21. Nxb6 cxb6 22. Qb3 Qg5 23. Nb5 h5 24. h3 Bd7 25. Rc7 Rd8 26. a4 Bf8 27. Rxb7 Bc5 28. Rc7 Bxb5 29. Qxb5 Bd4 30. d6 Kg7 31. Qd5 Qf6 32. d7 h4 33. Rc8 Qe7 34. Rxd8 Qxd8 35. Rc1 Bc5 36. Qxe5+ Kh7 37. Qe8 Qg5 38. Qxf7+ Kh6 39. Rxc5 1-0

[Event "FISU World University-ch 2020"]
[Site "Online"]
[Date "2020.10.26"]
[Round "6.24"]
[White "Carvajal Pena, Daniel"]
[Black "Ranasinghe, P K"]
[Result "1-0"]
[WhiteElo "1929"]
[BlackElo "1586"]
[Annotator "TA"]
[PlyCount "75"]
[EventDate "2020.10.26"]
[SourceTitle "playchess.com"]
[Source "ChessBase"]
[SourceQuality "1"]

1. e4 e5 2. Nf3 Nc6 3. Nc3 Nf6 4. Bb5 a6 5. Bxc6 dxc6 6. Nxe5 Bd6 7. Nf3 Bg4 8. O-O O-O 9. d4 Be7 10. Be3 Bb4 11. e5 Nd5 12. Ne4 f6 13. c4 Bxf3 14. gxf3 Nxe3 15. fxe3 fxe5 16. Qb3 c5 17. a3 Ba5 18. dxc5 Rf5 19. Rad1 Qh4 20. Qxb7 Raf8 21. b4 Rxf3 22. Rxf3 Rxf3 23. Ng3 e4 24. Qd5+ Kf8 25. Rf1 Rxf1+ 26. Kxf1 Qxh2 27. Nxe4 Qh1+ 28. Ke2 Qh2+ 29. Nf2 Qg1 30. Qf5+ Kg8 31. bxa5 Qc1 32. Qc8+ Kf7 33. Qxc7+ Kg8 34. Qd8+ Kf7 35. Qd5+ Kf8 36. c6 Qc2+ 37. Kf3 Qxc4 38. Qxc4 1-0